Central Library OPAC University of Rajshahi

Statistical modeling for genome wide association studies / (Record no. 83005)

MARC details
000 -LEADER
fixed length control field 01110nam a22002657a 4500
001 - CONTROL NUMBER
RUCL Control Number 83005
003 - CONTROL NUMBER IDENTIFIER
rucl marc code BD-RjUL
005 - DATE AND TIME OF LATEST TRANSACTION
control field 20240207172446.0
008 - FIXED-LENGTH DATA ELEMENTS--GENERAL INFORMATION
fixed length control field 240207s2020 bg a|||| m||| 00| 0 eng d
035 ## - SYSTEM CONTROL NUMBER
system control number (BD-RjUL)83005
040 ## - CATALOGING SOURCE
Original cataloging agency BD-RjUL
Language of cataloging eng
Transcribing agency BD-RjUL
Modifying agency BD-RjUL
041 ## - LANGUAGE CODE
Language code of Book eng
082 ## - DEWEY DECIMAL CLASSIFICATION NUMBER
DDC Edition number 23
Classification number 519.54
Author mark and Year ALS 2020
100 ## - MAIN ENTRY--PERSONAL NAME
Personal name Alam, Md. Jahangir
245 10 - TITLE STATEMENT
Title Statistical modeling for genome wide association studies /
Statement of responsibility, etc By Md. Jahangir Alam ;
Remainder of title Principal Supervisor : Md. Nurul Haque Mollah, Co-Supervisor : Md. Ripter Hossain, & S.M. Shahinul Islam
260 ## - PUBLICATION, DISTRIBUTION, ETC. (IMPRINT)
Place of publication, distribution, etc Rajshahi :
Name of publisher, distributor, etc Department of Statistics, University of Rajshahi,
Date of publication, distribution, etc 2020
300 ## - PHYSICAL DESCRIPTION
Pagination xxvi, 237 leaves :
Other physical details ill, ;
Dimensions 29.cm.
502 ## - DISSERTATION NOTE
Dissertation note Thesis (Ph. D.) -- Department of Statistics, University of Rajshahi, 2020
504 ## - BIBLIOGRAPHY, ETC. NOTE
Bibliography, etc Bibliography : Leaves 168 - 195
650 ## - SUBJECT ADDED ENTRY--TOPICAL TERM
Topical term or geographic name as entry element Statistical
Form subdivision Probabilities and applied mathematics
9 (RLIN) 11557
700 ## - ADDED ENTRY--SUPERVISOR/CO-SUPERVISOR NAME
Personal name Mollah, Md. Nurul Haque, Principal Supervisor
9 (RLIN) 10615
Personal name Hossain, Md. Ripter, Co-Supervisor
9 (RLIN) 9026
Personal name Islam, S.M. Shahinul, Co-Supervisor
9 (RLIN) 11558
942 ## - ADDED ENTRY ELEMENTS (KOHA)
Source of classification or shelving scheme Dewey Decimal Classification
Koha item type Theses
Holdings
Source of classification or shelving scheme Damaged status Not for loan Collection code Permanent Location Current Location Shelving location Date of accession Source of acquisition Total Checkouts Full call number Barcode Date last seen Copy number Thesis
Dewey Decimal Classification   Not For Loan Theses Central Library, University of Rajshahi Central Library, University of Rajshahi Documentation Section 15/02/2023 Controller of Exam. R. U.   THE 519.54 ALS 2020 D4658 07/02/2024 C-1 Theses